Southville International School and Colleges
Your cart is empty.
  • Cart
  • Lists
    Public lists Eva Luna New books Lux_list list_1
    Your lists Log in to create your own lists
  • Log in to your account
  • Your cookies
  • Search history
Southville International School and Colleges
  • Advanced search
  • Recent comments
  • Most popular
  • Libraries

Log in to your account

Log in with GOOGLE


If you do not have an external account, but do have a local account, you can still log in:

  1. Home
  2. MARC view: MythLopedia :
Normal view MARC view ISBD view

MythLopedia : (Record no. 42897)

[ view plain ]
MARC details
000 -LEADER
fixed length control field 00676nam a22002417a 4500
003 - CONTROL NUMBER IDENTIFIER
control field OSt
005 - DATE AND TIME OF LATEST TRANSACTION
control field 20140402082729.0
008 - FIXED-LENGTH DATA ELEMENTS--GENERAL INFORMATION
fixed length control field 131008t xxu||||| |||| 00| 0 eng d
020 ## - INTERNATIONAL STANDARD BOOK NUMBER
International Standard Book Number 9781606310601
050 ## - LIBRARY OF CONGRESS CALL NUMBER
Classification number BL 795.M65
Item number .K46 2010
100 ## - MAIN ENTRY--PERSONAL NAME
Personal name Watts, Franklin
9 (RLIN) 26016
245 ## - TITLE STATEMENT
Title MythLopedia :
Remainder of title What a Beast.?
Statement of responsibility, etc Franklin Watts.
260 ## - PUBLICATION, DISTRIBUTION, ETC. (IMPRINT)
Place of publication, distribution, etc Canada :
Name of publisher, distributor, etc Scholastic Inc,
Date of publication, distribution, etc 2010
300 ## - PHYSICAL DESCRIPTION
Extent 128 p. :
Other physical details ill, ;
Dimensions 23 cm.
521 ## - TARGET AUDIENCE NOTE
Target audience note
526 ## - STUDY PROGRAM INFORMATION NOTE
Reading level 920
562 ## - COPY AND VERSION IDENTIFICATION NOTE
Number of copies 1
650 ## - SUBJECT ADDED ENTRY--TOPICAL TERM
Topical term or geographic name as entry element Monsters
General subdivision Encyclopedias, Juvenile.
9 (RLIN) 26017
650 ## - SUBJECT ADDED ENTRY--TOPICAL TERM
Topical term or geographic name as entry element Mythology, Greek
General subdivision Juvenile. Monsters.
9 (RLIN) 26018
650 ## - SUBJECT ADDED ENTRY--TOPICAL TERM
Topical term or geographic name as entry element Encyclopedias,
9 (RLIN) 26019
942 ## - ADDED ENTRY ELEMENTS (KOHA)
Source of classification or shelving scheme Library of Congress Classification
Koha item type Books
Holdings
Withdrawn status Lost status Source of classification or shelving scheme Damaged status Home library Current library Shelving location Date acquired Total Checkouts Full call number Barcode Date last seen Copy number Price effective from Koha item type
    Library of Congress Classification   Munich Library Munich Library Scholastic Reading Center Section 03/08/2014   BL 795.M65 .K46 2010 MS1404 03/08/2014 1 03/08/2014 Books
    Library of Congress Classification   Munich Library Munich Library Scholastic Reading Center Section 03/08/2014   BL 795.M65 .K46 2010 MS1405 03/08/2014 2 03/08/2014 Books

MythLopedia :

APA

Watts F., . (2010). MythLopedia. Canada: Scholastic Inc.

Chicago

Watts Franklin, . 2010. MythLopedia. Canada: Scholastic Inc.

Harvard

Watts F., . (2010). MythLopedia. Canada: Scholastic Inc.

MLA

Watts Franklin, . MythLopedia. Canada: Scholastic Inc. 2010.

  • Place hold
  • Print
  • Cite
  • Add to your cart (remove)
  • Save record
    BIBTEX Dublin Core MARCXML MARC (non-Unicode/MARC-8) MARC (Unicode/UTF-8) MARC (Unicode/UTF-8, Standard) MODS (XML) RIS
  • More searches
    Search for this title in:
    Other Libraries (WorldCat) Other Databases (Google Scholar) Online Stores (Bookfinder.com) Open Library (openlibrary.org)

Exporting to Dublin Core...

SOUTHVILLE LIBRARY

Southville International School and Colleges Library

1281 Tropical Ave. Cor. Luxembourg St., BF Homes International, Las Pinas City

Tel. No. 8256374 / 252358 Loc. 117/146

Powered by Koha